Statistics for Isolated Capitals Looking Southeastwards

Click here to take the quiz!

General Stats

  • This quiz has been taken 21 times
  • The average score is 14 of 20

Answer Stats

D (km)CAPITAL CITYCLOSEST CAPITAL% Correct
9,370 WellingtonMonrovia
89%
2,330 CanberraNaypyidaw
89%
2,990 TokyoBrasilia
89%
1,497 ReykjavikSucre
89%
1,479 LimaAsuncion
84%
1,534 WashingtonJakarta
84%
2,083 JakartaDili
79%
1,460 BrasiliaSantiago
79%
6,590 MontevideoKuala Lumpur
74%
2,259 ColomboDili
68%
2,425 Nuku'alofaPort Moresby
68%
1,724 MaputoWindhoek
63%
5,471 Port LouisManila
63%
2,377 DiliWellington
58%
1,734 VictoriaAntananarivo
58%
1,573 LuandaNassau
58%
2,523 ParamariboWellington
58%
1,527 Bandar Seri BegawanDublin
53%
2,040 MelekeokIslamabad
53%
1,799 MuscatPort Louis
37%

Score Distribution

Percentile by Number Answered

Percent of People with Each Score

Your Score History

You have not taken this quiz